000 01275nam a2200301 a 4500
001 BRCA_2549
005 20190320203847.0
008 261108s1871----enk#---###---#000-0#spa-u
041 _aspa
044 _asp
084 _a164
_b.C37
_c1871
100 1 _aCervantes Saavedra, Miguel de
_d1547-1616
_9213
245 1 0 _aEl Ingenioso Hidalgo Don Quijote de la Mancha
_cMiguel de Cervantes Saavedra.
260 _aLondres
_bCassell, Petter y Galpin
_c1871
300 _a683 p.
_c18 cm.
500 _aContenido : Primera parte. Dedicatoria del autor. Prólogo del autor. Versos preliminares. Texto. Segunda parte. Dedicatoria del autor. Prólogo del autor. Texto
500 _aEdición : Nueva edición corregida y revisada
500 _aEdición de surtido, impresa con letra pequeña. Rústica Lúdovik Osterc
500 _astado físico : Cubierta desprendida, además está forrado con plástico y diurex
500 _aQM154
650 1 4 _aNovela española
_yÉpoca clásica, 1500-1700
_9215
650 1 4 _aLiteratura española
_yÉpoca clásica, 1500-1700
_9216
650 1 4 _aNovela española
_ySiglo XVII
_9217
650 1 4 _aDon Quijote (Personaje ficticio)
_eNovela
_9218
740 0 _aEl Ingenioso Hidalgo Don Quijote de la Mancha
902 _aQFM
942 _2lcc
_cB
999 _c2289
_d2289